00663nam a2200157Ia 4500008004100000082002000041100002800061245009900089260005800188300001100246440002300257500002700280650007500307952010600382999001700488120622s9999 xx 000 0 und d a511.3 S161i v.1 aSalazar Resines, Javier aIntroducción a la lógica deductiva y teoría de los conjuntos I / Javier Salazar Resines aMéxico : UNAM, Dirección General de Publicaciones a389 p. aTextos programados aIncluye bibliografía a1. LOGICA SIMBOLICA \ 2. LOGICA METEMATICA \ 3. TEORIA DE CONJUNTOSÌ 00104070a01b01d2007-01-25l2o511.3 S161I V.1p01 001199r2017-05-02s2017-05-02w2012-06-24yLB c58383d58383